King Arthur (Record no. 17536)
[ view plain ]
| 000 -LEADER | |
|---|---|
| fixed length control field | 01592nam a22002897a 4500 |
| 008 - FIXED-LENGTH DATA ELEMENTS--GENERAL INFORMATION | |
| fixed length control field | 040902s2004 xxu138 e vleng d |
| 082 ## - DEWEY DECIMAL CLASSIFICATION NUMBER | |
| Edition number | 22 |
| Classification number | 791.43 |
| Item number | KIN |
| 245 00 - TITLE STATEMENT | |
| Title | King Arthur |
| Medium | [videorecording] / |
| Statement of responsibility, etc | Touchstone Pictures and Jerry Bruckheimer Films present an Antoine Fuqua film ; produced by Jerry Bruckheimer ; written by David Franzoni ; directed by Antoine Fuqua. |
| 250 ## - EDITION STATEMENT | |
| Edition statement | Extended unrated version. |
| 260 ## - PUBLICATION, DISTRIBUTION, ETC. (IMPRINT) | |
| Place of publication, distribution, etc | [United States] : |
| Name of publisher, distributor, etc | Touchstone Home Entertainment ; |
| Date of publication, distribution, etc | c2004. |
| 300 ## - PHYSICAL DESCRIPTION | |
| Extent | 1 videodisc (138 min.) : |
| Other physical details | sd., col. ; |
| Dimensions | 4 3/4 in. |
| 500 ## - GENERAL NOTE | |
| General note | Special features: Blood on the land: forging "King Arthur" : the making-of "King Arthur"; cast & filmmaker roundtable video commentary; deleted scenes with director commentary ; director audio commentary; "Knight vision" pop-up trivia track; "King Arthur" konami playable video game demo. |
| 508 ## - CREATION/PRODUCTION CREDITS NOTE | |
| Creation/production credits note | Director of photography, Slawomir Idziak ; editors, Conrad Buff, Jamie Pearson ; music, Hans Zimmer ; costume designer, Penny Rose ; production designer, Dan Weil. |
| 650 ## - SUBJECT ADDED ENTRY--TOPICAL TERM | |
| Topical term or geographic name as entry element | King Arthur's Round Table - |
| Form subdivision | Drama. |
| 9 (RLIN) | 33667 |
| 650 ## - SUBJECT ADDED ENTRY--TOPICAL TERM | |
| Topical term or geographic name as entry element | Lancelot (Legendary character) - |
| Form subdivision | Drama. |
| 9 (RLIN) | 33668 |
| 650 ## - SUBJECT ADDED ENTRY--TOPICAL TERM | |
| Topical term or geographic name as entry element | Galahad (Legendary character) - |
| Form subdivision | Drama. |
| 9 (RLIN) | 33679 |
| 700 ## - ADDED ENTRY--PERSONAL NAME | |
| Personal name | Fuqua, Antoine. |
| 9 (RLIN) | 33670 |
| 700 ## - ADDED ENTRY--PERSONAL NAME | |
| Personal name | Owen, Clive. |
| 9 (RLIN) | 33675 |
| 700 ## - ADDED ENTRY--PERSONAL NAME | |
| Personal name | Knightley, Keira. |
| 9 (RLIN) | 33676 |
| 700 ## - ADDED ENTRY--PERSONAL NAME | |
| Personal name | Gruffudd, Ioan. |
| 9 (RLIN) | 33677 |
| 700 ## - ADDED ENTRY--PERSONAL NAME | |
| Personal name | Dillane, Stephen. |
| 9 (RLIN) | 33678 |
| 700 ## - ADDED ENTRY--PERSONAL NAME | |
| Personal name | Skarsgard, Stellan. |
| 9 (RLIN) | 33680 |
| 700 ## - ADDED ENTRY--PERSONAL NAME | |
| Personal name | Winstone, Ray. |
| 9 (RLIN) | 33681 |
| 700 ## - ADDED ENTRY--PERSONAL NAME | |
| Personal name | Dancy, Hugh. |
| 9 (RLIN) | 33682 |
| 700 ## - ADDED ENTRY--PERSONAL NAME | |
| Personal name | Schweiger, Til. |
| 9 (RLIN) | 33683 |
| 942 ## - ADDED ENTRY ELEMENTS (KOHA) | |
| Source of classification or shelving scheme | Dewey Decimal Classification |
| Item type | CD | DVD - Movie (NB) |
| Withdrawn status | Lost status | Source of classification or shelving scheme | Damaged status | Not for loan | Home library | Current library | Shelving location | Date acquired | Cost, normal purchase price | Serial Enumeration / chronology | Total Checkouts | Full call number | Barcode | Date last seen | Cost, replacement price | Koha item type |
|---|---|---|---|---|---|---|---|---|---|---|---|---|---|---|---|---|
| Dewey Decimal Classification | Central Library | Central Library | Second Floor | 19/09/2013 | 138.00 | 18080 | 791.43 KIN | 000028877 | 15/07/2025 | 172.50 | CD | DVD - Movie (NB) |